|
|
|
|
| LEADER |
00000nam a2200000 a 4500 |
| 001 |
vtls001437012 |
| 003 |
SK-MaSNL |
| 005 |
20260224024654.0 |
| 008 |
240126sm y0 xo 0 und |
| 035 |
|
|
|a SNK000392122
|
| 040 |
|
|
|a SNK
|b slo
|c SNK
|e AACR2
|
| 044 |
|
|
|a xo
|c SK
|
| 245 |
1 |
|
|a STN EN ISO 6721-3 Plasty. Určovanie dynamických mechanických vlastností. Časť 3: Ohybové kmitanie- Metóda rezonančnej krivky (ISO 6721-3: 1994 + TC1: 1995)
|
| 260 |
|
|
|a Bratislava
|b Slovenský ústav technickej normalizácie
|c 2002
|
| 300 |
|
|
|a 16 s.
|
| 999 |
|
|
|c 814607
|d 816537
|
| 952 |
|
|
|t P60, <03>, [BOOK], {603}
|a SNK
|b SNK
|y PREZ
|7 0
|p 17A0348739
|o snkSTN EN ISO 6721-3
|i snkN 1104/2002
|0 0
|1 0
|4 0
|d 2002-06-28
|l 0
|r 2005-01-02 00:00:00
|w 2026-02-24
|
| 952 |
|
|
|a SNK
|b SNK
|y PREZ
|7 0
|p 17A0348738
|o snkSTN EN ISO 6721-3 D1
|i snkN 1105/2002
|0 0
|1 0
|4 0
|d 2002-06-28
|l 0
|r 2005-01-02 00:00:00
|w 2026-02-24
|